000 01070nam a2200253 a 4500
001 000019664
003 AM-YEHGA
005 20250618070814.0
008 001018s1977 ai |||||||||||arm d
040 _aAM-YeHGA
041 0 _aarm
245 0 0 _aԵղիշե Չարենց :
_bՏարեգրություն ; Մատենագիտություն ; Ասույթներ /
_cԿազմ.՝ Ռ.Ա. Ղազարյան, Վ.Ա. Պապյան ; Խմբ.՝ Գ.Մ. Խաչատրյան ; ՀՍՍՀ գրքասեր. ընկ.
260 _aԵրևան :
_bՍովետական գրող,
_c1977.
300 _a80 էջ. :
_bդիմանկ., լուսանկ. ;
_c17 սմ.
440 0 _aԳրքասերի գրադարան
600 1 4 _aՉարենց, Եղիշե Աբգարի,
_d1897-1937
_91327
650 1 4 _aՄատենագիտություն
700 1 _aՂազարյան, Ռ.Ա.
_eկազմ.
_4com
700 1 _aՊապյան, Վ.Ա.
_eկազմ.
_4com
700 1 _aԽաչատրյան, Խ.Գ.
_eխմբ.
_4edt
710 2 _aՀՍՍՀ գրքասերների ընկերություն
942 _cBK
090 _c6919
999 _c6875
_d6875